| 000 | 00442cam a2200169 a 4500 | ||
|---|---|---|---|
| 020 | _a0070728798 | ||
| 040 | _cDLC | ||
| 082 | 0 | 0 | _a005 MIT 1991 A006 Or. |
| 100 | 1 | _aZage, Wayne M. | |
| 245 | 1 | 0 | _aProgramming with Microsoft BASIC / |
| 250 | _a2nd ed. | ||
| 260 |
_aNew York : _bMitchell McGraw-Hill, _cc1991. |
||
| 300 |
_avi, 192 p. ; _c28 cm. |
||
| 500 | _aIncludes index. | ||
| 650 | 0 | _aBASIC (Computer program language) | |
| 942 | _cEK | ||
| 999 |
_c11938 _d11938 |
||